000 00789nam a2200241Ia 4500
003 OSt
005 20220927105439.0
006 a|||||r|||| 00| 0
007 ta
008 220926b |||||||| |||| 00| 0 eng d
024 _a173645
037 _cReference Collections
040 _aRTL
_cRTL
_beng
041 _2eng
_aeng
082 _a"Sigma.212.P0<-N99r, P/GD"
110 _aKERALA RESEARCH PROGRAMME ON LOCAL LEVEL DEVELOPMENT.
_9372624
245 0 _aReport 4.
260 _aKerala
_bKerala research programmes on local level development.
_c2000
300 _a177p.
_ccm.
700 _aKERALA RESEARCH PROGRAMME ON LOCAL LEVEL DEVELOPMENT.
_9372625
942 _h"Sigma.212.P0<-N99r, P/GD"
_cCC
999 _c692627
_d692627